10, 100, 1,000, or 10,000 Quiz Stats

 Plays Quiz Updated Mar 21, 2018

Support Sporcle.
Go Orange.
Score 0/25 Timer 05:00
1 Play Today
Question Answer Wrong Answers
The ___ Commandments
Important set of tenets in Judaism and Christianity
Ten
90.2%
Hundred
0.8%
Thousand
0.4%
Ten Thousand
0.3%
'A Picture is Worth ___ Words'
An idiom meaning that an image can convey a meaning better than a description
A Thousand
87.7%
Ten
0.7%
A Hundred
2.4%
Ten Thousand
0.9%
___ Years
A centennial is something celebrating this anniversary
100
85.6%
10
2.2%
1,000
3%
10,000
1.1%
___ Island dressing
A mayonnaise-based salad dressing that can include olive oil, lemon juice, paprika, Worcestershire sauce, mustard, vinegar, cream, tomato purée, or Tabasco sauce
Thousand
83.9%
Ten
3.3%
Hundred
3.1%
Ten Thousand
1.4%
___
The number of senators that serve in the United States Congress
100
83.5%
10
3.2%
1,000
4.5%
10,000
0.6%
___ Years
The equivalent of a millennium
1,000
83.2%
10
0.8%
100
3.9%
10,000
4.2%
The ___ Years' War
A war contested by various houses in England and France during the Middle Ages
Hundred
82.9%
Ten
2.1%
Thousand
6.1%
Ten Thousand
0.6%
___
In mathematics, percentages are expressed as a fraction of this number
100
82.6%
10
8.2%
1,000
0.7%
10,000
0.3%
___
The base number of the decimal numeral system used in mathematics
10
82.6%
100
6.8%
1,000
1.9%
10,000
0.6%
___ Downing Street
The prime minister of the United Kingdom's official address
10
79.8%
100
9.4%
1,000
1.8%
10,000
0.6%
___ Bill
A C-note is the nickname for this U.S. Dollar bill
100
78.6%
10
8.4%
1,000
4%
10,000
0.9%
___
Kilo is the SI prefix for this number
1,000
78.3%
10
3.5%
100
7.9%
10,000
1.9%
___
Represented by the letter M in Roman Numerals
1,000
74.4%
10
1.5%
100
12.6%
10,000
3.5%
___ Pyramid
Game show hosted by Dick Clark that debuted in 1973, spawning several reincarnations
$10,000
73.9%
$10
1.6%
$100
4.1%
$1,000
12.1%
Ben ___
Popular cartoon franchise about a boy who acquires a watch-like device which allows him to transform into alien creatures
10
73.3%
100
6.2%
1,000
7.4%
10,000
4.9%
___ Oaks
A city in California, located in the Greater Los Angeles area
Thousand
63.3%
Ten
7.2%
Hundred
16.9%
Ten Thousand
4.2%
___ Miles
A 2002 U.S. Billboard Top 5 song by Vanessa Carlton
A Thousand
59.1%
Ten
2.3%
A Hundred
14.6%
Ten Thousand
15.6%
___
1979 acclaimed romantic comedy starring Bo Derek and Dudley Moore
10
58.2%
100
19.7%
1,000
7.7%
10,000
5.8%
___
Debut 1991 U.S. #2 Billboard album by Pearl Jam featuring hit singles 'Even Flow' 'Alive' and 'Jeremy'
Ten
55.2%
Hundred
15.2%
Thousand
9.5%
Ten Thousand
11.5%
___ Grand Bar
A candy bar produced by Nestlé, first made in 1966
100
54%
10
12.7%
1,000
14.3%
10,000
10.5%
____ Meters
Of the choices, the longest distance race contended for a medal in track during the Summer Olympics
10,000
53.8%
10
1.6%
100
21.6%
1,000
14.8%
___ Maniacs
Name of the U.S. rock/folk group that featured lead singer Natalie Merchant
10,000
52.5%
10
14.8%
100
13%
1,000
11.1%
The Land of ___ Lakes
The state nickname for Minnesota
10,000
38.2%
10
2.3%
100
6.8%
1,000
44.7%
___ Dollar Bill
Featuring Salmon P. Chase, it was the largest denomination of bill printed by the U.S. treasury for public circulation
10,000
36.1%
10
6.1%
100
12.1%
1,000
37.7%
The ___ Year Problem
The name for all potential software bugs that will emerge, far away in the future, as the need to express years with more than 4 digits arises
10,000
35.4%
10
7.1%
100
13.7%
1,000
35.7%

You're not logged in!

Compare scores with friends on all Sporcle quizzes.
OR
Log In

From the Vault

Begins and Ends: Christmas Carols

by BanjoZebra

You can kind of mumble through the middle though, we promise nobody will notice.
Remove Ads.
Support Sporcle.
Get the best of Sporcle when you Go Orange. This ad-free experience offers more features, more stats, and more fun while also helping to support Sporcle. Thank you for becoming a member.

Show Comments

Extras

Top Quizzes Today


Score Distribution

Your Account Isn't Verified!

In order to create a playlist on Sporcle, you need to verify the email address you used during registration. Go to your Sporcle Settings to finish the process.

Report this User

Report this user for behavior that violates our Community Guidelines.

Details: